00302nam a2200133Ia 4500008004100000041000800041100001700049245001800066250000800084260004100092300000800133365000800141999001900149231011s9999 xx 000 0 und d aeng aFitter Nasha aYou are Hired a1st bPenguin Books India Pvt Ltd -c2009 a434 b140 c897454d897454